000 03592nam a22002657a 4500
003 NALT
005 20260220111615.0
008 260211b th ||||| |||| 00| 0 tha d
040 _aNALT
090 _aELR 216/2 2568
100 0 _aฐานา วิบูลย์ภาณุเวช
_962530
245 1 0 _aการจัดทำคู่มือแนวทางในการจัดการประชุมเสมือนจริง (virtual meeting) ระดับทวิภาคีสำหรับบุคคลสำคัญของรัฐสภาไทย /
_cฐานา วิบูลย์ภาณุเวช.
246 3 0 _aผลงานที่เป็นข้อเสนอแนวคิดในการปรับปรุงหรือพัฒนางาน.
260 _aกรุงเทพฯ :
_bสำนักงานเลขาธิการสภาผู้แทนราษฎร,
_c2568.
300 _a74 หน้า :
_bตาราง, แผนภูมิ ;
_c30 ซม.
505 2 _aบทที่ 1 บทนำ -- 1.1 ความเป็นมาและความสำคัญของปัญหา -- 1.2 วัตถุประสงค์ของการศึกษา -- 1.3 ขอบเขตของการศึกษา -- 1.4 วิธีการศึกษา -- 1.5 นิยามศัพท์เฉพาะ -- 1.6 ประโยชน์ที่คาดว่าจะได้รับ -- บทที่ 2 แนวคิด ทฤษฎี และวรรณกรรมที่เกี่ยวข้อง -- 2.1 ยุทธศาสตร์ชาติและแผนปฏิบัติราชการของสำนักงานเลขาธิการสภาผู้แทนราษฎรและยุทธศาสตร์สำนักความสัมพันธ์ระหว่างประเทศ -- 2.2 หลักพิธีการทูต (Protocol) -- 2.3 การประชุมทางไกล -- 2.4 การจัดการความรู้ หรือ knowledge management: KM -- บทที่ 3 วิธีการศึกษา -- 3.1 วิธีการศึกษาเพื่อการจัดทำคู่มือ -- 3.2 ขั้นตอนการดำเนินการจัดทำคู่มือ -- 3.3 วิธีการเก็บข้อมูล -- บทที่ 4 ผลการศึกษา -- 4.1 ผลการศึกษา -- 4.2 แนวทางการจัดทำคู่มือ -- 4.3 การเตรียมความพร้อมด้านบุคลากรของสำนักงานเลขาธิการสภาผู้แทนราษฎร -- บทที่ 5 สรุปผลการศึกษา อภิปรายผล และข้อเสนอแนะ -- 5.1 สรุปผลการศึกษา -- 5.2 อภิปรายผล -- 5.3 ข้อเสนอแนะ.
650 4 _aการประชุมทางไกลผ่านจอภาพ
_97370
650 4 _aการประชุมทางไกล
_962996
653 4 _aการประชุมเสมือนจริง
942 _2local
_cIS
996 _ajidapa.t
_bACQSTF
_c2026-02-11
996 _avaree.k
_bLIBSTF
_c2026-02-17
996 _asaiphon.d
_bCATSTF
_c2026-02-20
999 _c107759
_d107759
998 _j104
_k นางสาวสายฝน ดีงาม